Normal view
MARC view
- Rubber goods
Entry Topical Term
001 - CONTROL NUMBER
- control field: 5620
003 - CONTROL NUMBER IDENTIFIER
- control field: OSt
005 - DATE AND TIME OF LATEST TRANSACTION
- control field: 20170517151337.0
008 - FIXED-LENGTH DATA ELEMENTS
- fixed length control field: 170517|| aca||aabn | a|a d
040 ## - CATALOGING SOURCE
- Original cataloging agency: OSt
- Transcribing agency: OSt
150 ## - HEADING--TOPICAL TERM
- Topical term or geographic name entry element: Rubber goods
- Form subdivision: Specifications
- Geographic subdivision: Malaysia
670 ## - SOURCE DATA FOUND
- Source citation: Work cat.: (OSt)0: Malaysia. Jabatan Standard 5568, Rubber hoses and hose assemblies - rubber-covered spiral-wire-reinforced hydraulic types for oil - based or water-based fluids - specification (first revision) (ISO 3862:2009, IDT) /, 2010

PORTAL AKMAL
E-MEL JKDM
AKMAL2U
G-BAM
u-PUSTAKA